| 000 | 01005nam2a2200265 4500 | ||
|---|---|---|---|
| 001 | RU\NLR\bibl\117861 | ||
| 005 | 20250617095307.0 | ||
| 010 |
_a5-86581-022-7 _93000 |
||
| 035 | _a(NLR Aleph) 000115431 | ||
| 090 |
_a655899 _c655899 |
||
| 100 | _a20001115d1998 |||y0rusy50 ca | ||
| 101 | 0 | _arus | |
| 102 | _aRU | ||
| 105 | _aa ||||||||| | ||
| 200 | 1 | _aМетоды анализа и прогнозирования | |
| 210 |
_d1998 _aБ. м. |
||
| 215 |
_a157 с. _cил. |
||
| 320 | _aБиблиогр.: с. 156-157 | ||
| 461 | 0 |
_1001RU\NLR\bibl\126986 _12001#$aИнформационная микроэкономика$vЧ. 1 _9709189 _aИвченко, Б. П. _cСПб. _d1998 _fБ.П. Ивченко, Л.А. Мартыщенко, И.Б. Иванцов _nНордмед-издат _tИнформационная микроэкономика _vЧ. 1 |
|
| 801 | 0 |
_aRU _bNLR _c20001115 _gPSBO |
|
| 801 | 1 |
_aRU _bNLR _c20001115 |
|
| 852 |
_aNLR _j2000-3/12405 |
||
| 942 | _cBOOK | ||
| 980 | _aNB | ||